| 000 | 00616nam a2200193 a 4500 | ||
|---|---|---|---|
| 008 | 120416s1984 ||||||||||||||||| || u | ||
| 020 | _a0070389616 | ||
| 050 | _aHG 221 Luc | ||
| 100 | _aLuckett, Dudley G | ||
| 245 | 1 | 0 | _aMoney and banking. (3rd ed.) |
| 250 | _a3rd ed. | ||
| 260 |
_aNew York: _bMcGraw-Hill _c1984 |
||
| 300 | _axvii, 584p. : ill. | ||
| 350 | _a0.00 | ||
| 650 | _aMONEY | ||
| 650 | _aMONETARY POLICY | ||
| 650 | _aBANKS AND BANKING | ||
| 995 |
_D0.00 _FCBU-MAIN LIBRARY (Kitwe) _H1 _I29.95 _M1 _UAVAILABLE _ZMain Library Open Access Collection |
||
| 999 |
_c51591 _d51591 |
||